| 000 | 00991nam a2200253Ia 4500 | ||
|---|---|---|---|
| 003 | GCL | ||
| 005 | 20240530110905.0 | ||
| 008 | 140319s2005 ua g b 000 0 ara d | ||
| 017 |
_a2005/21148 _bمصر. دار الكتب |
||
| 040 |
_aGCL / _cGCL |
||
| 082 | 0 | 4 |
_a303.4/ _bج ع |
| 100 | 1 | _aجورج، فيك | |
| 245 | 1 | 2 |
_aالعولمة والرعاية الانسانية / _cجورج فيك، بول ويلدينج ؛ ترجمة طلعت السروجى |
| 260 |
_aالقاهرة : _bالمجلس الاعلى للثقافة، _c2005. |
||
| 300 |
_a293 ص ؛ _c24 سم. |
||
| 490 | 0 |
_aالمشروع القومى للترجمة ؛ _v783 |
|
| 504 | _aيشتمل على ارجاعات ببليوجرافية | ||
| 650 | 0 | 7 |
_aالاحوال الاقتصادية _2qrmak |
| 650 | 0 | 7 |
_aحقوق الانسان _2qrmak |
| 650 | 0 | 7 |
_aالعولمة _2qrmak |
| 700 | 1 |
_aويلدينج، بول _eمؤلف مشارك |
|
| 710 | 0 |
_aطلعت السروجى _eمترجم |
|
| 942 |
_2ddc _cBK |
||
| 999 |
_c66194 _d66194 |
||